Vamos a buscar un tesoro: la historia de cómo el pequeño osito y el pequeño tigre buscan la felicidad del mundo

Gespeichert in:
Bibliographische Detailangaben
1. Verfasser: Janosch (VerfasserIn)
Format: Buch
Sprache:Spanisch
Veröffentlicht: Santiago Alfaguara 1998
Schriftenreihe:Colección Infantil
Schlagworte:
Tags: Tag hinzufügen
Keine Tags, Fügen Sie den ersten Tag hinzu!

MARC

LEADER 00000nam a2200000 a 4500
001 UCH6682
003 CL-VaPUC
008 091109e19980000CL |||||||||||||||||spa|d
020 |a 9582400099 
082 0 4 |a 833  |b JAN  |2 21 
100 |a Janosch  |e author  |9 582799 
245 1 0 |a Vamos a buscar un tesoro: la historia de cómo el pequeño osito y el pequeño tigre buscan la felicidad del mundo 
300 |a 46 p 
942 |c BK 
945 |d 20091109 00:00:00  |a lazolas 
260 |a Santiago  |b Alfaguara  |c 1998 
500 |a Destinado a niños desde 6 años 
650 0 |a Cuentos infantiles alemanes  |9 308781 
650 0 |a Literatura alemana   |9 265457 
583 |a last modification  |c 20091109 00:00:00  |k Rodrigo Vera 
490 0 |a Colección Infantil 
999 |c 337525  |d 337523